000 00805nam a22002177a 4500
999 _c16735
_d16735
003 AR-CdUCM
008 190504b ||||| |||| 00| 0 spa d
040 _aMUNICIPALIDAD PROVINCIAL DEL CUSCO
_cBIBLIOTECA MUNICIPAL DEL CUSCO
082 _a196 /
_bT95
100 _aTurró, R.
_936348
245 _aFilosofía crítica /
260 _aMadrid :
_bAtenea S. E.,
_c1919.
300 _a360 páginas ;
_bretrato,
_c16 cm.
505 _aContenido: Problema de la experiencia -- Problema Kantiano del conocimiento -- Subjetivismo de la realidad -- LA razón pura y el entendimiento -- Los conceptos -- Los juicios ...
650 _aFilosofía
_9395
650 _aSiglo XIX
_9971
650 _aCrítica
_9666
700 _aMiró, Gabriel (versión castellana)
_936349
942 _2ddc
_cLIBROS
945 _aachl